Cooperación para el desarrollo, relaciones internacionales y políticas públicas : (Registro nro. 245855)

Detalles MARC
000 -LEADER
fixed length control field 02206nam a2200469Ii 4500
001 - CONTROL NUMBER
control field DIGUNAU0088
003 - CONTROL NUMBER IDENTIFIER
control field NyNyDIG
008 - FIXED-LENGTH DATA ELEMENTS--GENERAL INFORMATION
fixed length control field 160606e201308 ck ob 000 0 spa d
006 - FIXED-LENGTH DATA ELEMENTS--ADDITIONAL MATERIAL CHARACTERISTICS
fixed length control field m o d
007 - PHYSICAL DESCRIPTION FIXED FIELD--GENERAL INFORMATION
fixed length control field cr |||||||||||
035 ## - SYSTEM CONTROL NUMBER
System control number (OCoLC)951370636
040 ## - CATALOGING SOURCE
Original cataloging agency DGITA
Language of cataloging eng
Description conventions rda
-- pn
Transcribing agency DGITA
020 ## - INTERNATIONAL STANDARD BOOK NUMBER
Canceled/invalid ISBN 9789588366784
020 ## - INTERNATIONAL STANDARD BOOK NUMBER
Canceled/invalid ISBN 958836678X
050 14 - LIBRARY OF CONGRESS CALL NUMBER
Classification number JZ1318 eBook
100 1# - MAIN ENTRY--PERSONAL NAME
Personal name Tassara, Carlo,
Relator term author.
245 10 - TITLE STATEMENT
Title Cooperación para el desarrollo, relaciones internacionales y políticas públicas :
Remainder of title teorías y prácticas del diálogo euro-latinoamericano /
Statement of responsibility, etc. Carlo Tassara ; José Antonio Sanahuja, prefacio ; Jairo Agudelo Taborda, prólogo ; Ivo Hoefkens, introducción.
250 ## - EDITION STATEMENT
Edition statement Primera edición.
264 #1 - PRODUCTION, PUBLICATION, DISTRIBUTION, MANUFACTURE, AND COPYRIGHT NOTICE
Place of production, publication, distribution, manufacture Medellín :
Name of producer, publisher, distributor, manufacturer Ediciones UNAULA,
Date of production, publication, distribution, manufacture, or copyright notice agosto de 2013.
300 ## - PHYSICAL DESCRIPTION
Extent 1 online resource.
336 ## - CONTENT TYPE
Content type term text
Source rdacontent
337 ## - MEDIA TYPE
Media type term computer
Media type code c
Source rdamedia
338 ## - CARRIER TYPE
Carrier type term online resource
Carrier type code cr
Source rdacarrier
490 1# - SERIES STATEMENT
Series statement Serie Pensamiento latinoamericano
500 ## - GENERAL NOTE
General note The role of the persons named in the statement of responsibility appears in square brackets in the title page.
504 ## - BIBLIOGRAPHY, ETC. NOTE
Bibliography, etc. note Includes bibliographical references.
588 0# - SOURCE OF DESCRIPTION NOTE
Source of description note Online resource; title from PDF title page (Digitalia, viewed June 8, 2016)
650 #0 - SUBJECT ADDED ENTRY--TOPICAL TERM
Topical term or geographic name entry element International cooperation.
651 #0 - SUBJECT ADDED ENTRY--GEOGRAPHIC NAME
Geographic name Europe
General subdivision Foreign relations
Geographic subdivision Latin America.
651 #0 - SUBJECT ADDED ENTRY--GEOGRAPHIC NAME
Geographic name Latin America
General subdivision Foreign relations
Geographic subdivision Europe.
655 #0 - INDEX TERM--GENRE/FORM
Genre/form data or focus term Electronic books.
700 1# - ADDED ENTRY--PERSONAL NAME
Personal name Sanahuja, José Antonio,
Relator term contributor agent of text.
700 1# - ADDED ENTRY--PERSONAL NAME
Personal name Agudelo Taborda, Jairo,
Relator term contributor agent of text.
700 1# - ADDED ENTRY--PERSONAL NAME
Personal name Hoefkens, Ivo,
Relator term contributor agent of text.
791 2# -
-- Digitalia (Firm),
-- distributor.
793 0# -
-- Digitalia eBook Collection:
-- Ediciones UNAULA.
776 08 - ADDITIONAL PHYSICAL FORM ENTRY
Relationship information Print version:
Main entry heading Tassara, Carlo.
Title Cooperación para el desarrollo, relaciones internacionales y políticas públicas.
Edition Primera edición.
Place, publisher, and date of publication Medellín : Ediciones UNAULA, agosto de 2013.
International Standard Book Number 9789588366784
Record control number (OCoLC)870090834
830 #0 - SERIES ADDED ENTRY--UNIFORM TITLE
Uniform title Pensamiento latinoamericano (Medellín, Colombia)
856 40 - ELECTRONIC LOCATION AND ACCESS
Materials specified Digitalia Hispánica
Uniform Resource Identifier <a href="https://www.digitaliapublishing.com/a/40712/">https://www.digitaliapublishing.com/a/40712/</a>
910 ## - USER-OPTION DATA (OCLC)
User-option data Premium Collection: 2016
942 ## - ADDED ENTRY ELEMENTS (KOHA)
Koha item type Recurso Electrónico
Existencias
Withdrawn status Lost status Damaged status Not for loan Collection Home library Current library Date acquired Total checkouts Date last seen Price effective from Koha item type
        Digitalia Ebooks Hispanica Biblioteca Digital UIN Biblioteca Digital UIN 04/25/2025   04/25/2025 04/25/2025 Recurso Electrónico

CONTACTO


NOSOTROS


SITIOS DE INTERES

coordinacion.biblioteca.biblioteca@unienlinea.mx Misión, Visión y Objetivos Bases de datos
Directorio Bibliotecas Digitales y Repositorios
Normatividad Revistas y artículos
Convenios interbibliotecarios
Boletines



Hecho en México. Universidad Insurgentes (UIN). Todos los derechos reservados 2024. Esta página y sus contenidos pueden ser reproducidos con fines no lucrativos, siempre y cuando no se mutile, se cite la fuente completa y su dirección electrónicas. De otra forma requiere permiso previo por escrito de la institución




2024 Copyright Universidad Insurgentes | www.bibliouin.com.mx